000 00519nam a22001697a 4500
005 20251108164141.0
008 250721s1995 xx 000 0 ara d
082 1 4 _a218,6/حات
100 1 _aحاتم، محمد عبد القادر
245 1 0 _aالأخلاق في الإسلام /
246 1 1 _aEthics in Islam
264 1 _aالقاهرة :
_bالهيئة المصرية العامة للكتاب،
_c1995.
300 _a137ص
650 1 7 _aالآداب الإسلامية
942 _2ddc
_cBK
999 _c4896
_d4896